MARC details
| 000 -CABECERA |
| campo de control de longitud fija |
00816cam a2200217 a 4500 |
| 001 - NÚMERO DE CONTROL |
| campo de control |
000002763 |
| 005 - FECHA Y HORA DE LA ÚLTIMA TRANSACCIÓN |
| campo de control |
20251114125814.0 |
| 008 - DATOS DE LONGITUD FIJA--INFORMACIÓN GENERAL |
| campo de control de longitud fija |
810317s1971 mx r 001 0 spa |
| 040 ## - FUENTE DE LA CATALOGACIÓN |
| Centro catalogador/agencia de origen |
DO-SdBNP |
| Lengua de catalogación |
spa |
| Centro/agencia transcriptor |
BNPHU |
| 082 ## - NÚMERO DE LA CLASIFICACIÓN DECIMAL DEWEY |
| Número de clasificación |
800 |
| Número de documento/Ítem |
A634t |
| 245 00 - MENCIÓN DE TÍTULO |
| Título |
Antología de textos sobre lengua y literatura. |
| 260 ## - PUBLICACIÓN, DISTRIBUCIÓN, ETC. |
| Lugar de publicación, distribución, etc. |
México, D. F. : |
| Nombre del editor, distribuidor, etc. |
Universidad Nacional Autónoma de México, |
| Fecha de publicación, distribución, etc. |
1971. |
| 300 ## - DESCRIPCIÓN FÍSICA |
| Extensión |
286 p. ; |
| Dimensiones |
22 cm. |
| 490 #0 - MENCIÓN DE SERIE |
| Mención de serie |
Lecturas universitarias |
| Designación de volumen o secuencia |
5 |
| 650 #4 - PUNTO DE ACCESO ADICIONAL DE MATERIA--TÉRMINO DE MATERIA |
| Término de materia o nombre geográfico como elemento de entrada |
Literatura |
| Subdivisión general |
Ensayos, conferencias, etc. |
| 9 (RLIN) |
8705 |
| 650 #0 - PUNTO DE ACCESO ADICIONAL DE MATERIA--TÉRMINO DE MATERIA |
| Término de materia o nombre geográfico como elemento de entrada |
Lenguaje y lenguas |
| Subdivisión general |
Etimología |
| 9 (RLIN) |
8706 |
| 650 #4 - PUNTO DE ACCESO ADICIONAL DE MATERIA--TÉRMINO DE MATERIA |
| Término de materia o nombre geográfico como elemento de entrada |
Estilo literario |
| Subdivisión general |
Ensayos, conferencias, etc. |
| 9 (RLIN) |
8707 |
| 710 1# - PUNTO DE ACCESO ADICIONAL--NOMBRE DE ENTIDAD CORPORATIVA |
| Nombre de entidad corporativa o nombre de jurisdicción como elemento de entrada |
México ; |
| Unidad subordinada |
Universidad Nacional ; |
| Término indicativo de función/relación |
Centro de Estudios Literarios. |
| 9 (RLIN) |
8708 |
| 830 #4 - PUNTO DE ACCESO ADICIONAL DE SERIE-TÍTULO UNIFORME |
| Título uniforme |
Lecturas universitarias |
| Número de parte o sección de la obra |
5 |
| 9 (RLIN) |
8709 |
| 910 ## - DATOS DE OPCIÓN DEL USUARIO (OCLC) |
| Datos de opción del usuario |
Validado. control de calidad. MFF |